00646 2200253 4500001002100000005001700021008004100038020001800079035002400097082001100121090001800132100001200150245005300162250001000215260002800225300002900253500003100282650002000313850001200333980001100345985000600356999001500362999001500377YOGYA-0209000003782020090227025309.0 ind  a979-8433-95-1 0010-020900000037820 a346.08 a346.08bSut A aSUTARNO aAspek-aspek hukum perkreditan pada bankcSutarno aCet.2 aBandungbAlfabetac2004 axi, 428 hlmbilusc24 cm aBibliografi : hlm. 425-428 aHukum perbankan aYOPDYOG a270306 a2 a05B0008271 a05B0008272